| 000 | 01048cab a22002055a 4500 | ||
|---|---|---|---|
| 001 | L141346 | ||
| 008 | 071116e20071109xxk f s 000 0 eng d | ||
| 035 | _a(Sirsi) u141346 | ||
| 041 | 0 | _aeng | |
| 100 | 1 | _aCook, Lucian | |
| 245 | 0 | 0 | _aCommuters' track record |
| 260 | _c2007 | ||
| 490 |
_aProperty Week _v72(45) 9 November 2007, 64(1) |
||
| 520 | _aPresents research aimed at identifying the correlation between house prices and commuter travel patterns to London. Examines 12 mainline routes out of London. Finds that commuters are generally attracted to high-value areas with an improved quality of life. Their increased buying power drives property prices up in these areas as a result. Towns with strong economies to the west of London act as a counter-magnet, resulting in lower levels of London commuting to the west. Predicts that commuters are likely to travel further, but on fewer occasions. | ||
| 590 | _aKA | ||
| 651 | 4 |
_aUnited Kingdom _y |
|
| 690 | _aPROPERTY-RESIDENTIAL PROPERTY | ||
| 700 | 1 | _aBarnes, Yolande | |
| 942 | _n0 | ||
| 999 |
_c79464 _d79464 |
||